Sign language : the study of deaf people and their language /

Bibliographic Details
Main Author: Kyle, J. (James)
Other Authors: Woll, B. (Bencie)
Format: Book
Language:English
Published: Cambridge ; New York : Cambridge University Press, 1985.
Subjects:

MARC

Tag First Indicator Second Indicator Subfields
LEADER 00000pam a2200000 a 4500
001 in00000561663
005 20151014070058.0
008 840619s1985 mdua b 00110 eng
010 |a  84014265  
020 |a 0521260752 
035 |a (OCoLC)10924951 
035 |9 ACN8766AM 
039 0 |a 2  |b 3  |c 3  |d 3  |e 3 
040 |a DLC  |c DLC  |d TXA  |d UtOrBLW 
043 |a e-uk--- 
049 |a TXAM  |c [A09122513] 
050 0 0 |a HV2474  |b .K94 1985 
082 0 |a 419  |2 19 
100 1 |a Kyle, J.  |q (James) 
245 1 0 |a Sign language :  |b the study of deaf people and their language /  |c J.G. Kyle and B. Woll with G. Pullen and F. Maddix. 
264 1 |a Cambridge ;  |a New York :  |b Cambridge University Press,  |c 1985. 
300 |a vii, 318 pages :  |b illustrations ;  |c 24 cm. 
336 |a text  |b txt  |2 rdacontent 
337 |a unmediated  |b n  |2 rdamedia 
338 |a volume  |b nc  |2 rdacarrier 
500 |a Includes indexes. 
504 |a Bibliography: pages 291-307. 
650 0 |a Sign language  |x Study and teaching. 
650 0 |a Deaf  |z Great Britain  |x Means of communication. 
700 1 |a Woll, B.  |q (Bencie) 
999 |a MARS 
999 f f |s 63cdcac5-b897-30ee-9937-9e418dfccfc0  |i 38492adb-2f6c-339e-8af0-a52acbfe6694  |t 0 
952 f f |p ric  |a Texas A&M University  |b Rellis Campus  |c Joint Library Facility  |d Remote Storage  |t 0  |e HV2474 .K94 1985  |h Library of Congress classification  |i unmediated -- volume  |m A14809122513 
998 f f |a HV2474 .K94 1985  |t 0  |l Remote Storage